La Riera de Metge en la industrialització de Berga / Francesc Espuña i Menoyo
ISBN:
84-89988-34-X
Publicado:
Berga :
Centre d'Estudis Musicals del Berguedà 'L'Espill' : Àmbit de Recerques del Berguedà ,
2001
Descripción Física:
106 p. : il. ; 23 cm
Colección:
Els Llibres de l'àmbit ; 10
MARC
| LEADER | 00000nam a2200000Ia 4500 | ||
|---|---|---|---|
| 001 | 16973 | ||
| 008 | 160829s2001 xx 000 0 cat d | ||
| 020 | |a 84-89988-34-X | ||
| 080 | |a C-2-379 | ||
| 100 | |a Espuña i Menoyo, Francesc |9 32876 | ||
| 245 | |a La Riera de Metge en la industrialització de Berga / Francesc Espuña i Menoyo | ||
| 260 | |a Berga : |b Centre d'Estudis Musicals del Berguedà 'L'Espill' : |b Àmbit de Recerques del Berguedà, |c 2001 | ||
| 300 | |a 106 p. : |b il. ; |c 23 cm | ||
| 490 | |a Els Llibres de l'àmbit ; 10 | ||
| 590 | |a Bibliografia. | ||
| 590 | |a Índex alfabètic | ||
| 650 | |a Industrialització |x Berguedà |x Història |9 32877 | ||
| 650 | |a Riera de Metge (Catalunya : riu) |9 32878 | ||
| 710 | 2 | |a Centre d'Estudis Musicals del Berguedà L'Espill |9 55008 | |
| 710 | 2 | |a Àmbit de Recerques del Berguedà |9 55653 | |
| 901 | |a Arxiu | ||
| 942 | |n 1 | ||
| 952 | |0 0 |1 0 |4 0 |6 C2379 |7 1 |9 46131 |a Arxiu |b Arxiu |d 2016-12-01 |l 0 |o C-2-379 |p 16973 |r 2016-12-01 00:00:00 |w 2016-12-01 |y ARXIU | ||
| 999 | |c 49633 |d 49633 | ||